<?xml version="1.0" encoding="UTF-8"?>
<record
    xmlns:xsi="http://www.w3.org/2001/XMLSchema-instance"
    xsi:schemaLocation="http://www.loc.gov/MARC21/slim http://www.loc.gov/standards/marcxml/schema/MARC21slim.xsd"
    xmlns="http://www.loc.gov/MARC21/slim">

  <leader>01488nam a22002177a 4500</leader>
  <controlfield tag="003">OSt</controlfield>
  <controlfield tag="005">20181001062124.0</controlfield>
  <controlfield tag="008">180314b        xxu||||| |||| 00| 0 spa d</controlfield>
  <datafield tag="020" ind1=" " ind2=" ">
    <subfield code="a">9501402436</subfield>
  </datafield>
  <datafield tag="040" ind1=" " ind2=" ">
    <subfield code="c">PJ</subfield>
  </datafield>
  <datafield tag="100" ind1=" " ind2=" ">
    <subfield code="9">122</subfield>
    <subfield code="a">Vernengo, Roberto Jos&#xE9;</subfield>
  </datafield>
  <datafield tag="245" ind1=" " ind2=" ">
    <subfield code="a">Curso de teor&#xED;a general del derecho / </subfield>
    <subfield code="c">Robero Jos&#xE9; Vernengo.</subfield>
  </datafield>
  <datafield tag="250" ind1=" " ind2=" ">
    <subfield code="a">2a. ed. </subfield>
  </datafield>
  <datafield tag="260" ind1=" " ind2=" ">
    <subfield code="a">Buenos Aires :</subfield>
    <subfield code="b">Depalma, </subfield>
    <subfield code="c">1995.</subfield>
  </datafield>
  <datafield tag="300" ind1=" " ind2=" ">
    <subfield code="a">464 p.;</subfield>
  </datafield>
  <datafield tag="504" ind1=" " ind2=" ">
    <subfield code="a">Citas bibliogr&#xE1;ficas a pie de p&#xE1;gina.</subfield>
  </datafield>
  <datafield tag="505" ind1=" " ind2=" ">
    <subfield code="a">Contenidos:
La ciencia del derecho y lenguaje jur&#xED;dico -- Algunas estructuras l&#xF3;gicas del pensamiento jur&#xED;dico -- Valores, normas morales y validez del derecho -- Las t&#xE9;cnicas de control social y el derecho -- El concepto de obligaci&#xF3;n jur&#xED;dica y las formas de responsabilidad -- Derecho subjetivo y relaci&#xF3;n jur&#xED;dica -- El concepto de &#xF3;rgano de derecho y las categor&#xED;as derivadas -- La personificaci&#xF3;n del sujeto de derecho -- Los sistemas normativos y la idea del derecho como un orden -- Las fuentes del derecho -- Producci&#xF3;n, compatibilizaci&#xF3;n y anulaci&#xF3;n de normas jur&#xED;dicas -- La interpretaci&#xF3;n de las normas y el conocimiento cient&#xED;fico del derecho -- An&#xE1;lisis formal de enunciados normativos -- &#xC1;mbito de validez normativo y reglas de formaci&#xF3;n ling&#xFC;&#xED;sticas  -- El hecho consuetudinario -- Sobre la funci&#xF3;n social de la ciencia.</subfield>
  </datafield>
  <datafield tag="650" ind1=" " ind2=" ">
    <subfield code="a">TEORIA GENERAL DEL DERECHO</subfield>
    <subfield code="9">214</subfield>
  </datafield>
  <datafield tag="650" ind1=" " ind2=" ">
    <subfield code="a">DERECHO EN GENERAL</subfield>
    <subfield code="9">209</subfield>
  </datafield>
  <datafield tag="942" ind1=" " ind2=" ">
    <subfield code="2">udc</subfield>
    <subfield code="c">LIB</subfield>
    <subfield code="h">340.11</subfield>
    <subfield code="i">VER</subfield>
  </datafield>
  <datafield tag="999" ind1=" " ind2=" ">
    <subfield code="c">106</subfield>
    <subfield code="d">106</subfield>
  </datafield>
  <datafield tag="952" ind1=" " ind2=" ">
    <subfield code="0">0</subfield>
    <subfield code="1">0</subfield>
    <subfield code="2">udc</subfield>
    <subfield code="4">0</subfield>
    <subfield code="7">0</subfield>
    <subfield code="a">DJS</subfield>
    <subfield code="b">DJS</subfield>
    <subfield code="d">2018-03-14</subfield>
    <subfield code="o">340.11 VER</subfield>
    <subfield code="p">3309</subfield>
    <subfield code="r">2018-03-14</subfield>
    <subfield code="w">2018-03-14</subfield>
    <subfield code="y">LIB</subfield>
  </datafield>
</record>
